El libro del maestro

Guardat en:
Dades bibliogràfiques
Autor principal: Wirth, Oswald (Autor)
Format: Llibre
Idioma:espanyol
Publicat: Santiago Gmo. Grünwaldt 1929
Matèries:
Etiquetes: Afegir etiqueta
Sense etiquetes, Sigues el primer a etiquetar aquest registre!

MARC

LEADER 00000nam a2200000 a 4500
001 UCP8062
003 CL-VaPUC
008 000106e19290000CL |||||||||||||||||spa|d
082 0 4 |a 366.1  |b WIR  |2 21 
100 0 |a Wirth, Oswald  |e author  |9 437893 
245 1 3 |a El libro del maestro 
300 |a 191 p 
942 |c BK 
945 |d 20000106 00:00:00  |a crobeson 
260 |a Santiago  |b Gmo. Grünwaldt  |c 1929 
650 0 |a Masonería   |9 256238 
650 7 |a SOCIEDADES SECRETAS  |2 CL-VaPUC  |9 321683 
650 0 |a Manuales  |9 257144 
583 |a last modification  |c 20000106 00:00:00  |k Rodrigo Vera 
999 |c 285096  |d 285094 
952 |0 0  |1 0  |4 0  |6 366_100000000000000_WIR_1929  |7 0  |8 X  |9 329468  |a BIBHIS  |b BIBHIS  |d 2019-11-20  |i 1374850  |o 366.1 WIR 1929  |p 1374850  |r 2024-01-30  |w 2019-11-20  |y BK_X  |k HIS